Statistics for African Geography by Letter - S #2

Click here to take the quiz!

General Stats

  • This quiz has been taken 151 times
    (81 since last reset)
  • The average score is 14 of 20

Answer Stats

HintAnswer% Correct
Southernmost countrySouth Africa
100%
Former name of EswatiniSwaziland
99%
Once Africa's biggest countrySudan
99%
Egypt's nose-less statueSphinx
91%
Egyptian city and a canal terminusSuez
88%
Country that owns Ceuta and MelillaSpain
81%
Term for a grassy ecosystem
such as that region
Savanna
81%
Name of that country's rugby teamSpringboks
81%
Self-declared country that considers
Hargeisa as its capital
{Somali}land
79%
Historical name of the coastal area
along Bight of Benin (cruel trade)
{Slave} Coast
76%
Chad's largest ethnic group or
Palin's first name
Sara
76%
Madagascar produces 50% of this
blue stone worldwide
Sapphire
73%
Kenyan currency or 12 penceShilling
73%
Island where Napoleon diedSaint Helena
69%
Term for an overland journey taking
place in the above
Safari
67%
Region with a wildebeest migrationSerengeti
57%
One of the two biggest Tunisian
cities after Tunis
Sfax / Sousse
39%
Lesotho's main ethnic groupSotho
39%
Nickname of Nigeria's football team{Super} Eagles
28%
Zimbabwe's most common languageShona
19%

Score Distribution

Percentile by Number Answered

Percent of People with Each Score

Your Score History

You have not taken this quiz since the last reset